Getting results with Microsoft Office 97 (Record no. 61905)
[ view plain ]
| 000 -LEADER | |
|---|---|
| fixed length control field | 00684nam a22001937a 4500 |
| 003 - CONTROL NUMBER IDENTIFIER | |
| control field | NUST-PNEC |
| 005 - DATE AND TIME OF LATEST TRANSACTION | |
| control field | 20170116180734.0 |
| 008 - FIXED-LENGTH DATA ELEMENTS--GENERAL INFORMATION | |
| fixed length control field | 141122b xxu||||| |||| 00| 0 eng d |
| 022 ## - INTERNATIONAL STANDARD SERIAL NUMBER | |
| International Standard Serial Number | B001RCFGMM |
| 040 ## - CATALOGING SOURCE | |
| Transcribing agency | PNEC |
| 082 ## - DEWEY DECIMAL CLASSIFICATION NUMBER | |
| Classification number | 005.369 MIC |
| 100 ## - MAIN ENTRY--PERSONAL NAME | |
| 9 (RLIN) | 1023 |
| Personal name | Microsoft |
| 245 ## - TITLE STATEMENT | |
| Title | Getting results with Microsoft Office 97 |
| Statement of responsibility, etc. | Microsoft |
| 260 ## - PUBLICATION, DISTRIBUTION, ETC. | |
| Place of publication, distribution, etc. | Singapore: |
| Name of publisher, distributor, etc. | Microsoft Corp., |
| Date of publication, distribution, etc. | ©1995-96. |
| 300 ## - PHYSICAL DESCRIPTION | |
| Extent | 703 p. : |
| Other physical details | ill. ; |
| Dimensions | 24 cm. |
| 650 ## - SUBJECT ADDED ENTRY--TOPICAL TERM | |
| General subdivision | Computer, MIS |
| 856 ## - ELECTRONIC LOCATION AND ACCESS | |
| Uniform Resource Identifier | <a href="http://www.amazon.com/Getting-Results-Microsoft-Solutions-Paperback/dp/B001RCFGMM/ref=sr_1_2?s=books&ie=UTF8&qid=1416646334&sr=1-2&keywords=GETTING+RESULTS+WITH+MICROSOFT+OFFICE+97">http://www.amazon.com/Getting-Results-Microsoft-Solutions-Paperback/dp/B001RCFGMM/ref=sr_1_2?s=books&ie=UTF8&qid=1416646334&sr=1-2&keywords=GETTING+RESULTS+WITH+MICROSOFT+OFFICE+97</a> |
| 942 ## - ADDED ENTRY ELEMENTS (KOHA) | |
| Source of classification or shelving scheme | |
| Koha item type | Book |
| Withdrawn status | Lost status | Source of classification or shelving scheme | Damaged status | Not for loan | Permanent Location | Current Location | Shelving location | Date acquired | Source of acquisition | Cost, normal purchase price | Total Checkouts | Full call number | Barcode | Date last seen | Cost, replacement price | Price effective from | Koha item type |
|---|---|---|---|---|---|---|---|---|---|---|---|---|---|---|---|---|---|
| Pakistan Navy Engineering College (PNEC) | Pakistan Navy Engineering College (PNEC) | 11/22/2010 | Donated | 950.00 | 005.369 MIC | PNECLIB-030018 | 11/22/2014 | 950.00 | 11/22/2010 | Book |
